000 00523cam a22001694a 4500
020 _a3540008101 (alk. paper)
040 _cDLC
082 0 0 _a526 SPR 2003 A030 Co.
100 1 _aLinder, Wilfried,
245 1 0 _aDigital photogrammetry :
_btheory and applications /
260 _aBerlin ;
_aNew York :
_bSpringer,
_c2003.
300 _axi, 189 p. :
_bill. ;
_c24 cm.
_e+ 1 CD-ROM (4 3/4 in) and 1 pair 3-D glasses
650 0 _aPhotogrammetry
650 0 _aAerial photogrammetry.
650 0 _aImage processing
942 _cEK
999 _c11707
_d11707